| 000 | 00584nam a2200205 a 4500 | ||
|---|---|---|---|
| 005 | 20210219152941.0 | ||
| 008 | 991125n 000 0 u | ||
| 035 | _aUPN01000068368 | ||
| 100 | _aBanathy, Bela H. | ||
| 222 | _aEDUCATIONAL TECHNOLOGY | ||
| 245 | _aComprehensive system design in education : selecting the scope of design inquiry | ||
| 300 | _a33-35 | ||
| 362 | _a33, No. 4, 1993 | ||
| 505 | _aSeptiembre 1993 | ||
| 653 | 0 | _aCAMBIO EDUCATIVO | |
| 653 | 0 | _aDESARROLLO DE SISTEMAS | |
| 653 | 0 | _aPRACTICAS EDUCATIVAS | |
| 904 |
_aAC _b006179 |
||
| 905 | _aArticulo | ||
| 999 |
_c64529 _d64529 |
||